El Conde de Cabra (Record no. 97174)

MARC details
000 -LEADER
campo de control de longitud fija 00626nam a2200193 i 4500
001 - NÚMERO DE CONTROL
campo de control 97174
003 - IDENTIFICADOR DE NÚMERO DE CONTROL
campo de control ES-MaACL
005 - FECHA Y HORA DE LA ÚLTIMA TRANSACCIÓN
campo de control 20251122063118.0
007 - CAMPO FIJO DE DESCRIPCIÓN FÍSICA--INFORMACIÓN GENERAL
campo de control de longitud fija t|
008 - DATOS DE LONGITUD FIJA--INFORMACIÓN GENERAL
campo de control de longitud fija 050707s1947 sp ||||1| spa d
100 0# - ENTRADA PRINCIPAL--NOMBRE DE PERSONA
Nombre de persona Maqueda, Leopoldo Barón Torres,
Títulos y otros términos asociados al nombre Duque de
9 (RLIN) 76277
245 13 - MENCIÓN DEL TÍTULO
Título El Conde de Cabra
Resto del título : (Un hombre de armas del siglo XV) /
Mención de responsabilidad, etc. Duque de Maqueda.
260 ## - PUBLICACIÓN, DISTRIBUCIÓN, ETC.
Lugar de publicación, distribución, etc. Madrid :
Nombre del editor, distribuidor, etc. Editora Nacional,
Fecha de publicación, distribución, etc. 1947.
300 ## - DESCRIPCIÓN FÍSICA
Extensión 224 p. ;
Dimensiones 17 cm.
490 1# - MENCIÓN DE SERIE
Mención de serie Breviarios de la vida española
830 00 - PUNTO DE ACCESO ADICIONAL DE SERIE-TÍTULO UNIFORME
Título uniforme Breviarios de la vida española
9 (RLIN) 180821
852 ## - LOCALIZACIÓN
Ubicación ES-MaACL
Número de control de estantería C-4445
Sublocalización o colección R.24325
Holdings
Estatus retirado Estado de pérdida Estado de daño No para préstamo Biblioteca de origen Biblioteca actual Ubicación en estantería Fecha de adquisición Fuente de adquisición Total de préstamos Signatura topográfica completa Código de barras Visto por última vez Precio de reemplazo Tipo de ítem Koha
        Biblioteca del Ateneo de Madrid Biblioteca del Ateneo de Madrid Sala Palomar 17/01/2008     C-4445 1101448 23/02/2023 23/02/2023 Libro impreso